000 00640nam a22001937a 4500
003 0
005 20250318153226.0
008 250318b xxu||||| |||| 00| 0 eng d
020 _a978-621-427-083-5
050 _aHF 5415.126
_b.Se47 2021
100 _aSerrano, Angelita Ong Camilar
245 _aEntrepreneurial mindset
_c Angelita Ong Camilar Serrano
260 _aUnlimited Book Library Services & Publishing Inc.
_bManila
_c2021
300 _axii, 255 pages ;
_c26cm.
500 _aOutcome-Based Education Approach
504 _aIncludes bibliographical references and index.
650 _aEntrepreneurship.
942 _2lcc
_cBK
999 _c367305
_d367305